Ciencia y tecnologia para la competitividad del sector agropecuario 2002-2010 : (Registro nro. 8472)
[ vista simple ]
| 000 -CABECERA | |
|---|---|
| Campo de control | 01619nam a22002297a 4500 |
| 005 - FECHA Y HORA DE LA ULTIMA TRANSACCION | |
| Campo de control | 20140606130218.0 |
| 008 - ELEMENTOS DE LONGITUD FIJA—INFORMACION GENERAL | |
| Campo de control | 110623s2010 ck a gr 00010 spa d |
| 020 ## - ISBN | |
| ISBN | 9789588536194 |
| 041 0# - IDIOMA | |
| Código de idioma para texto/pista de sonido o título separado | Español |
| 044 ## - PAÍS DE PUBLICACIÓN | |
| País de publicación | Colombia |
| 082 04 - NUMERO DE CLASIFICACION DECIMAL DEWEY | |
| Número de clasificación | 301.243 |
| Número del ítem | C56c |
| 110 2# - ASIENTO PRINCIPAL--NOMBRE CORPORATIVO | |
| Nombre corporativo o de jurisdicción como elemento de entrada | Colombia. |
| Unidad subordinad | Ministerio de Agricultura y Desarrollo Rural. |
| 245 10 - MENCION DE TITULO | |
| Título | Ciencia y tecnologia para la competitividad del sector agropecuario 2002-2010 : |
| Parte restante del título | resultados de algunos proyectos cofinanciados por el Ministerio de Agricultura y Desarrollo Rural. Dirección de Desarrollo Tecnológico y Protección Sanitaria |
| 260 ## - PUBLICACION, DISTRIBUCION, ETC. (PIE DE IMPRENTA) | |
| Lugar de publicación, distribución, etc. | Bogotá |
| Nombre del editor, distribuidor, etc. | Ministerio de Agricultura, |
| Fecha de publicación, distribución, etc. | 2010. |
| 300 ## - DESCRIPCION FISICA | |
| Extensión | 197 p. : |
| Otros detalles físicos | il. col. ; |
| Dimensiones | 30 cm. + |
| Material acompañante | 1 cd-rom. CID-034473 |
| 505 ## - NOTA DE CONTENIDO | |
| Nota de contenido | Agricultura y cambio climático (9) -- Arroz y su industria (17) -- Biocombustible biodiesel (25) -- cacao y su industria (37) -- camarón de cultivo y su industria (41) -- caña panelera y panela (45) -- carne bovina (51) -- caucho y su industria (55) --fique y su industria (61) -- forestal y su industria (69) -- frutales y su industria (99) --guadua y su industria (125) -- hortalizas y su industria (131) -- lácteos (139) -- palma y su industria (157) -- papa y su industria (171) -- pesca artesanal e industria (175) -- piscicultura y su industria (189) -- plantas aromaticas y aceites escenciales (193) |
| 650 #4 - ASIENTO SECUNDARIO DE MATERIA - TERMINO TEMATICO | |
| Término temático o nombre geográfico como elemento de entrada | Desarrollo científico y tecnológico |
| Subdivisión geográfica | Colombia. |
| 650 ## - ASIENTO SECUNDARIO DE MATERIA - TERMINO TEMATICO | |
| Término temático o nombre geográfico como elemento de entrada | Ciencia y tecnología |
| Subdivisión geográfica | Colombia. |
| 650 #4 - ASIENTO SECUNDARIO DE MATERIA - TERMINO TEMATICO | |
| Término temático o nombre geográfico como elemento de entrada | Política científica |
| Subdivisión geográfica | Colombia |
| Subdivisión cronológica | 2002-2010. |
| 650 #4 - ASIENTO SECUNDARIO DE MATERIA - TERMINO TEMATICO | |
| Término temático o nombre geográfico como elemento de entrada | Política tecnológica |
| Subdivisión geográfica | Colombia. |
| 942 ## - ELEMENTOS ADICIONALES (KOHA) | |
| Sistema de clasificación | Dewey Decimal Classification |
| Tipo de ítem | Impreso |
| Withdrawn status | Lost status | Sistema de Clasificación | Damaged status | No para préstamo | Colección | Inventariado | Ubicación Permanente | Ubicación actual | Fecha de adquisición | Fuente de Valor | Valor | Total Checkouts | Número topográfico | Inventario / Código de Barras | Date last seen | Ejemplar | Price effective from | Forma de adquisición | Tipo de material | Public note |
|---|---|---|---|---|---|---|---|---|---|---|---|---|---|---|---|---|---|---|---|---|
| Dewey Decimal Classification | General | Inventariado 2017 | Bogotá | Bogotá | 06/06/2014 | Instituto | 39000.00 | LB-301.243 C56c | 034472 | 06/06/2014 | Ej. 1 | 06/06/2014 | Libro | |||||||
| Dewey Decimal Classification | Audiovisual | Bogotá | Bogotá | 06/06/2014 | LB-301.243 C56c | 034473 | 06/06/2014 | Ej. 2 | 06/06/2014 | CD-ROM | Anexo al ejemplar 1 que es libro principal |